000 004110000a22001690004500
003 MACL
005 20150704153532.0
008 150704b xxu||||| |||| 00| 0 eng d
040 _aMACL
_cmacl
041 _aEnglish
100 _aSaksena, R N
_9648
245 _aIndian Social Thought
260 _bMeenakshi Prakashan
_c1981
_aNew Delhi
350 _a50
650 _aSocial Science
_929
942 _cBK
_k300
_2ddc
999 _c5571
_d5571